Cultural architecture (Record no. 12475)
[ view plain ]
| 000 -LEADER | |
|---|---|
| fixed length control field | 00266nam a2200121 4500 |
| 003 - CONTROL NUMBER IDENTIFIER | |
| control field | OSt |
| 005 - DATE AND TIME OF LATEST TRANSACTION | |
| control field | 20240118084307.0 |
| 008 - FIXED-LENGTH DATA ELEMENTS--GENERAL INFORMATION | |
| fixed length control field | 231226b ||||| |||| 00| 0 eng d |
| 020 ## - INTERNATIONAL STANDARD BOOK NUMBER | |
| International Standard Book Number | 9789881566287 |
| 082 ## - DEWEY DECIMAL CLASSIFICATION NUMBER | |
| Classification number | 725.8042 |
| 245 ## - TITLE STATEMENT | |
| Title | Cultural architecture |
| 942 ## - ADDED ENTRY ELEMENTS (KOHA) | |
| Source of classification or shelving scheme | |
| Withdrawn status | Lost status | Source of classification or shelving scheme | Damaged status | Koha normalized classification for sorting | Not for loan | Permanent location | Current location | Date acquired | Source of acquisition | Cost, normal purchase price | Full call number | Barcode | Date last seen | Cost, replacement price | Price effective from | Koha item type |
|---|---|---|---|---|---|---|---|---|---|---|---|---|---|---|---|---|
| 725_804200000000000 | BMS College of Architecture, Design and Planning | BMS College of Architecture, Design and Planning | 2024-01-18 | 10 | 1972.88 | 725.8042 | AR-UG3340 | 2024-01-18 | 2818.40 | 2024-01-18 | UG Books |